00260 a2200121 4500000002500000020001800025100002200043245002200065250000600087260001700093264001100110999001700121 nam a22 7a 4500 a9781484277058 aFriesen, Jeff971 aJava XML and JSON a2 bApressc2019 bApress c35909d35909